000 00371nam a2200169Ia 4500
100 _aRoy choudhury D
650 _aIntegrated Circuits
250 _a3
942 _cBK
366 _f17.5
654 _amechanics
245 _aLinear Integrated Circuits
260 _bNew Age Int (P) Ltd
_aNew Delhi
_c2007
082 _bROY
300 _a384
546 _aENGLISH
999 _c24946
_d24946